[Event "Barcelona Tres Peons-A 21th"]
[Site "Barcelona"]
[Date "2019.01.30"]
[Round "4.9"]
[White "Reverdy, Micah Fabrice"]
[Black "Minguell Soler, Joan"]
[Result "1/2-1/2"]
[WhiteElo "1883"]
[BlackElo "2023"]
[PlyCount "101"]
[EventDate "2019.01.09"]
[EventType "swiss"]
[EventRounds "9"]
[EventCountry "ESP"]
[SourceTitle "EXT 2024"]
[Source "ChessBase"]
[SourceDate "2023.10.10"]
[SourceVersion "1"]
[SourceVersionDate "2023.10.10"]
[SourceQuality "1"]

1. d4 Nf6 2. c4 g6 3. g3 Bg7 4. Bg2 d5 5. Nf3 c6 6. 0-0 0-0 7. b3 dxc4 8. bxc4 c5 9. e3 Nc6 10. Nc3 Bg4 11. Ne2 Rc8 12. Rb1 Na5 13. Ne5 Bf5 14. Rb5 cxd4 15. exd4 b6 16. Qa4 Be4 17. Bh3 e6 18. Ba3 Re8 19. Rd1 Qc7 20. c5 Nc6 21. cxb6 axb6 22. Rc1 Ra8 23. Qb3 Nd7 24. Nxc6 Bxc6 25. Bg2 Nb8 26. Bb2 Qd7 27. Rxb6 Bxg2 28. Kxg2 Qd5+ 29. Qxd5 exd5 30. Nf4 Rxa2 31. Rc7 Ra6 32. Rbb7 Rf8 33. Nxd5 Ra5 34. Ne7+ Kh8 35. Bc3 Ra8 36. Nd5 Kg8 37. Bb4 Na6 38. Bxf8 Nxc7 39. Bxg7 Nxd5 40. Be5 Rd8 41. Rb8 Rxb8 42. Bxb8 f5 43. Kf3 h5 44. Ke2 Kf7 45. Kd3 Ke6 46. Kc4 Nb6+ 47. Kb5 Nd7 48. Bf4 Kd5 49. Be3 Nf6 50. f3 Nd7 51. Kb4 1/2-1/2

[Event "Foment Martinenc op-A 20th"]
[Site "Barcelona"]
[Date "2018.06.02"]
[Round "7"]
[White "Rius Colomer, Luis Albert"]
[Black "Reverdy, Micah Fabrice"]
[Result "1/2-1/2"]
[WhiteElo "1886"]
[BlackElo "1950"]
[PlyCount "76"]
[EventDate "2018.04.21"]
[EventType "swiss"]
[EventRounds "9"]
[EventCountry "ESP"]
[SourceTitle "CBM 184 Extra"]
[Source "ChessBase"]
[SourceDate "2018.06.28"]
[SourceVersion "1"]
[SourceVersionDate "2018.06.28"]
[SourceQuality "1"]

1. d4 d5 2. c4 c6 3. Nf3 Nf6 4. e3 Bf5 5. Nc3 e6 6. Bd3 Bxd3 7. Qxd3 Nbd7 8. 0-0 Bd6 9. e4 dxe4 10. Nxe4 Nxe4 11. Qxe4 Nf6 12. Qe2 0-0 13. Bg5 Be7 14. Rfd1 Re8 15. Ne5 Qa5 16. Qf3 Rad8 17. a3 Qb6 18. Be3 Qc7 19. b4 Bd6 20. h3 Bxe5 21. dxe5 Nd7 22. Bf4 Nb6 23. Qc3 Rxd1+ 24. Rxd1 Rd8 25. Rxd8+ Qxd8 26. Be3 Qd1+ 27. Kh2 Na4 28. Qd4 Qxd4 29. Bxd4 Nb6 30. Bxb6 axb6 31. Kg3 b5 32. cxb5 cxb5 33. Kf4 Kf8 34. Ke4 Ke7 35. Kd4 b6 36. f4 Kd7 37. g4 Kc6 38. Ke4 Kd7 1/2-1/2

[Event "Barcelona Paredes Memorial 19th"]
[Site "Barcelona"]
[Date "2017.06.03"]
[Round "7"]
[White "Reverdy, Micah Fabrice"]
[Black "Povill Batlle, Ramon"]
[Result "1-0"]
[WhiteElo "1912"]
[BlackElo "1921"]
[PlyCount "85"]
[EventDate "2017.04.22"]
[EventType "swiss"]
[EventRounds "9"]
[EventCountry "ESP"]
[SourceTitle "EXT 2018"]
[Source "ChessBase"]
[SourceDate "2017.10.13"]
[SourceVersion "1"]
[SourceVersionDate "2017.10.13"]
[SourceQuality "1"]

1. d4 Nf6 2. Nf3 e6 3. c4 c5 4. d5 b5 5. e3 Bb7 6. dxe6 fxe6 7. Be2 bxc4 8. Bxc4 d5 9. Bb5+ Nbd7 10. Ng5 Qb6 11. Bxd7+ Kxd7 12. 0-0 Bd6 13. Nf7 Rhf8 14. Nxd6 Kxd6 15. Nc3 Ke7 16. b3 Kf7 17. Ba3 Bc6 18. Rc1 Rfc8 19. Ne2 Bb5 20. Re1 a5 21. Bb2 Qd8 22. Nf4 Qe7 23. Qf3 Kg8 24. Red1 Ne4 25. Qg4 Bd7 26. f3 Nf6 27. Qg5 Ra6 28. Nh5 Kf8 29. Nxf6 gxf6 30. Bxf6 Qf7 31. Rc3 a4 32. Rdc1 axb3 33. axb3 Rac6 34. f4 c4 35. b4 Qg6 36. Qh4 Kf7 37. Bd8 Kg8 38. e4 d4 39. Rg3 d3 40. Rxg6+ hxg6 41. Bf6 Kf7 42. e5 g5 43. Qh7+ 1-0

[Event "Barcelona Tupinamba op 12th"]
[Site "Barcelona"]
[Date "2017.05.17"]
[Round "8.8"]
[White "Reverdy, Micah Fabrice"]
[Black "Colom Andres, Xavier"]
[Result "1-0"]
[WhiteElo "1840"]
[BlackElo "1916"]
[PlyCount "62"]
[EventDate "2017.03.22"]
[EventType "swiss"]
[EventRounds "9"]
[EventCountry "ESP"]
[SourceTitle "EXT 2024"]
[Source "ChessBase"]
[SourceDate "2023.10.10"]
[SourceVersion "1"]
[SourceVersionDate "2023.10.10"]
[SourceQuality "1"]

1. d4 d5 2. Nf3 Nf6 3. c4 c6 4. Nc3 dxc4 5. a4 Bf5 6. e3 e6 7. Bxc4 Bb4 8. 0-0 Nbd7 9. Nh4 Bg6 10. Nxg6 hxg6 11. Qe2 Qa5 12. f3 Qh5 13. g4 Qa5 14. e4 0-0-0 15. Be3 Kb8 16. Na2 Be7 17. b4 Qc7 18. Rac1 Nb6 19. a5 Nxc4 20. Rxc4 Rh3 21. a6 Rdh8 22. Rf2 Qg3+ 23. Kh1 Nxg4 24. Bf4+ Qxf4 25. fxg4 Qc7 26. e5 Qd7 27. Kg1 Qd5 28. Rg2 b5 29. Rc2 Qxd4+ 30. Kf1 Rf3+ 31. Rf2 Qxg4 1-0

[Event "Barcelona Tupinamba op 12th"]
[Site "Barcelona"]
[Date "2017.03.22"]
[Round "1.7"]
[White "Fernandez Madrid, Carlos"]
[Black "Reverdy, Micah Fabrice"]
[Result "1-0"]
[WhiteElo "2119"]
[BlackElo "1840"]
[PlyCount "85"]
[EventDate "2017.03.22"]
[EventType "swiss"]
[EventRounds "9"]
[EventCountry "ESP"]
[SourceTitle "EXT 2024"]
[Source "ChessBase"]
[SourceDate "2023.10.10"]
[SourceVersion "1"]
[SourceVersionDate "2023.10.10"]
[SourceQuality "1"]

1. c4 c5 2. g3 Nc6 3. Bg2 g6 4. Nf3 Bg7 5. 0-0 d6 6. Nc3 e5 7. d3 Nge7 8. a3 0-0 9. Rb1 a5 10. Bd2 h6 11. Nd5 Nxd5 12. cxd5 Ne7 13. e4 b6 14. b4 axb4 15. axb4 f5 16. bxc5 bxc5 17. Qc1 Kh7 18. Ne1 fxe4 19. Bxe4 Bh3 20. Ng2 Ra7 21. Qb2 Nf5 22. Qb6 Qxb6 23. Rxb6 Raf7 24. Rfb1 Rf6 25. Rb7 Nd4 26. Be3 Nf5 27. Bxf5 Bxf5 28. R1b3 R6f7 29. R7b6 Rf6 30. h4 Bg4 31. Ra3 Bf3 32. Raa6 Rd8 33. Ra7 Bxd5 34. Bxc5 Kg8 35. Bb4 Bf8 36. Ne3 Bf3 37. Nc4 Re6 38. Nd2 Be2 39. Ra3 Be7 40. Ne4 Rd7 41. Bd2 Kg7 42. Nc5 dxc5 43. Rxe6 1-0

[Event "Barcelona Tres Peons op 19th"]
[Site "Barcelona"]
[Date "2017.02.22"]
[Round "7"]
[White "Comellas Blanchart, Jordi"]
[Black "Reverdy, Micah Fabrice"]
[Result "1-0"]
[WhiteElo "2065"]
[BlackElo "1840"]
[PlyCount "97"]
[EventDate "2017.01.11"]
[EventType "swiss"]
[EventRounds "9"]
[EventCountry "ESP"]
[SourceTitle "EXT 2018"]
[Source "ChessBase"]
[SourceDate "2017.10.13"]
[SourceVersion "1"]
[SourceVersionDate "2017.10.13"]
[SourceQuality "1"]

1. d4 d5 2. c4 c6 3. Nf3 Nf6 4. e3 Bf5 5. Nc3 e6 6. Nh4 Be4 7. f3 Bg6 8. Nxg6 hxg6 9. Bd3 Bd6 10. f4 Nbd7 11. Bd2 g5 12. Qf3 g4 13. Qf2 Qe7 14. 0-0-0 g6 15. e4 Nxe4 16. Nxe4 dxe4 17. Bxe4 Nf6 18. Bd3 0-0-0 19. d5 cxd5 20. Qxa7 Qc7 21. Kb1 Bc5 22. Qa4 dxc4 23. Bxc4 Nd5 24. Bxd5 Rxd5 25. Bc3 Rhd8 26. Rc1 Kb8 27. Be5 Rxe5 28. fxe5 Qxe5 29. Rhd1 Bd4 30. Qc2 Qd6 31. Rd3 e5 32. h3 gxh3 33. Rxh3 f5 34. Qa4 Qa6 35. Qxa6 bxa6 36. Rc6 e4 37. Rb3+ Ka7 38. Re6 Rd7 39. Rg3 Bf2 40. Rgxg6 e3 41. Rxa6+ Kb7 42. Rae6 Kc7 43. Kc1 f4 44. Rg5 Be1 45. Rge5 Bd2+ 46. Kc2 Rg7 47. Re7+ Rxe7 48. Rxe7+ Kd6 49. Re4 1-0

[Event "Barcelona Tres Peons op 19th"]
[Site "Barcelona"]
[Date "2017.02.15"]
[Round "6"]
[White "Reverdy, Micah Fabrice"]
[Black "Madrid Sole, Antonio"]
[Result "1-0"]
[WhiteElo "1840"]
[BlackElo "1836"]
[PlyCount "61"]
[EventDate "2017.01.11"]
[EventType "swiss"]
[EventRounds "9"]
[EventCountry "ESP"]
[SourceTitle "EXT 2018"]
[Source "ChessBase"]
[SourceDate "2017.10.13"]
[SourceVersion "1"]
[SourceVersionDate "2017.10.13"]
[SourceQuality "1"]

1. d4 d5 2. c4 c6 3. Nf3 Nf6 4. Nc3 e6 5. e3 Nbd7 6. Qc2 Bd6 7. Be2 0-0 8. b3 dxc4 9. bxc4 c5 10. 0-0 cxd4 11. exd4 h6 12. Nb5 Be7 13. Bf4 a6 14. Bc7 Qe8 15. Nd6 Bxd6 16. Bxd6 b6 17. Ne5 Nxe5 18. dxe5 Nd7 19. Qe4 Ra7 20. Bd3 g6 21. Qe3 Kg7 22. Bxf8+ Qxf8 23. Rfe1 Nc5 24. Bc2 Rd7 25. Red1 Qd8 26. Rxd7 Qxd7 27. Rd1 Qc7 28. Qd4 Qe7 29. Qd6 Qa7 30. Qd8 Qb7 31. Qf6+ 1-0

[Event "Sants Hostafrancs op-C 18th"]
[Site "Barcelona"]
[Date "2016.08.25"]
[Round "7"]
[White "Ballester Valls, Juan Antonio"]
[Black "Reverdy, Micah Fabrice"]
[Result "1-0"]
[WhiteElo "1652"]
[BlackElo "1718"]
[PlyCount "93"]
[EventDate "2016.08.19"]
[EventType "swiss"]
[EventRounds "10"]
[EventCountry "ESP"]
[SourceTitle "EXT 2019"]
[Source "ChessBase"]
[SourceDate "2018.10.10"]
[SourceVersion "1"]
[SourceVersionDate "2018.10.10"]
[SourceQuality "1"]

1. Nf3 c5 2. c4 Nc6 3. d4 cxd4 4. Nxd4 Nf6 5. Nc3 d5 6. Nxd5 Nxd5 7. Nxc6 bxc6 8. cxd5 cxd5 9. e3 e6 10. Bd2 Be7 11. Bb5+ Bd7 12. Bxd7+ Qxd7 13. Bc3 f6 14. 0-0 0-0 15. e4 Rfd8 16. exd5 Qxd5 17. Qg4 e5 18. Rfd1 Qc6 19. Rxd8+ Rxd8 20. Rd1 Rxd1+ 21. Qxd1 Qd6 22. Qxd6 Bxd6 23. f3 Kf7 24. h3 Ke6 25. Kf2 Kd5 26. Ke2 g6 27. f4 e4 28. Bxf6 Bxf4 29. Bc3 Kc4 30. Bf6 Kd5 31. Bc3 h5 32. Bf6 g5 33. Bc3 h4 34. Bf6 Ke6 35. Bd4 a6 36. Bc3 Kd5 37. Bf6 Kc4 38. Bc3 Kd5 39. Bf6 Ke6 40. Bc3 Kf5 41. Bd4 Bc1 42. b4 Ba3 43. Bc3 Bc1 44. a4 Ke6 45. b5 axb5 46. axb5 Kd5 47. Bd2 1-0

[Event "Foment Martinenc op-A 18th"]
[Site "Barcelona"]
[Date "2016.06.04"]
[Round "7"]
[White "Abad Sanmartin, Jorge"]
[Black "Reverdy, Micah Fabrice"]
[Result "1-0"]
[WhiteElo "2077"]
[BlackElo "1725"]
[PlyCount "73"]
[EventDate "2016.04.23"]
[EventType "swiss"]
[EventRounds "9"]
[EventCountry "ESP"]
[SourceTitle "EXT 2017"]
[Source "ChessBase"]
[SourceDate "2016.10.25"]
[SourceVersion "1"]
[SourceVersionDate "2016.10.25"]
[SourceQuality "1"]

1. d4 d5 2. Nf3 c6 3. c4 Nf6 4. Nc3 dxc4 5. e4 b5 6. e5 Nd5 7. a4 b4 8. Ne4 a5 9. Bxc4 h6 10. 0-0 e6 11. Ne1 Qh4 12. f4 Ba6 13. g3 Qd8 14. Bxa6 Nxa6 15. Nd3 Qb6 16. Qf3 Qxd4+ 17. Kg2 Be7 18. Rd1 Qa7 19. g4 g6 20. f5 gxf5 21. gxf5 0-0-0 22. f6 Rdg8+ 23. Kh1 Bf8 24. Bf4 Rg6 25. Rac1 Rhg8 26. Bg3 Kd7 27. Bf2 Qc7 28. Rc4 h5 29. Rdc1 Nb8 30. Bc5 Bxc5 31. Nexc5+ Ke8 32. Rf1 Nxf6 33. exf6 Rg2 34. Qf4 e5 35. Re4 Kf8 36. Rxe5 Qc8 37. Qh6+ 1-0

[Event "Foment Martinenc op-C 16th"]
[Site "Barcelona"]
[Date "2014.04.26"]
[Round "1"]
[White "Reverdy, Micah Fabrice"]
[Black "Lopez Galiano, Sergio"]
[Result "1-0"]
[WhiteElo "1700"]
[BlackElo "1736"]
[PlyCount "67"]
[EventDate "2014.04.26"]
[EventType "swiss"]
[EventRounds "9"]
[EventCountry "ESP"]
[SourceTitle "EXT 2015"]
[Source "ChessBase"]
[SourceDate "2014.11.20"]
[SourceVersion "1"]
[SourceVersionDate "2014.11.20"]
[SourceQuality "1"]

1. d4 d5 2. Nf3 e6 3. c4 Nf6 4. Nc3 Be7 5. Bf4 a6 6. e3 0-0 7. Qc2 c6 8. Bd3 g6 9. 0-0-0 Bb4 10. Bh6 Re8 11. Ne5 Re7 12. h4 Nbd7 13. f3 Bd6 14. Nxd7 Rxd7 15. g4 Bf8 16. Bxf8 Qxf8 17. h5 Qg7 18. hxg6 fxg6 19. Rh4 b5 20. c5 Rc7 21. g5 Nh5 22. f4 Bd7 23. Qh2 Be8 24. Rh1 Raa7 25. Be2 Kh8 26. Bxh5 gxh5 27. Ne2 Bg6 28. Ng3 Be4 29. Nxe4 dxe4 30. Rxh5 Qg6 31. Rh6 Qf5 32. Rf6 Qd5 33. Rf8+ Kg7 34. Qh6# 1-0